Зірка надії. Поезія (Запис № 443491)

МАРК-запис
000 -Лідер
fixed length control field 00825 a2200241 4500
003 - Ідентифікатор контрольного номера
control field UA-OsUOA
005 - Дата та час останнього входження (трансакції)
control field 20200109143051.0
008 - Елементи даних фіксованої довжини – загальна інформація
fixed length control field 200109b un ||||| |||| 00| 0 ukr d
040 ## - Джерело каталогізації
Агенція оригінальної каталогізації UA-OsUOA
Мова каталогізації ukr
Агенція, яка здійснювала перезапис UA-OsUOA
Агенція, яка здійснювала модифікацію UA-OsUOA
041 ## - Код мови
Код мови тексту/ звукової доріжки чи окремого заголовка (П) ukr
080 ## - Індекс Універсальної десяткової класифікації
Індекс Універсальної десяткової класифікації (УДК) (НП) 82-1
090 ## - Локальний шифр розміщення
Класифікаційний індекс УДК 82-1
Авторський знак (НП) Т56
100 ## - Основне введення – ім’я особи
Ім’я особи (НП) Томашевська М.
245 ## - Відомості про назву
Назва (НП) Зірка надії. Поезія
Дані про відповідальність (НП) М. Томашевська
260 ## - Публікація, розповсюдження і т.п. (Вихідні дані)
Дата публікації, розповсюдження і т.п. (П) 2009
Місце публікації, розповсюдження і т.п. (П) Кременець
Ім’я/ наймення видавництва, розповсюджувача і т.п. (П) Просвіта
300 ## - Фізичний опис
Обсяг 92 с.
590 ## - Примітка про автограф і колекцію
Примітка про автограф і колекцію Містить автограф авторки.
650 ## - Додаткове предметне введення – тематичний термін
Тематичний термін чи географічна назва, як елемент введення (НП) 82-1 Поезія. Поеми. Вірші
700 1# - Додаткове введення – ім'я особи
Ім’я особи (НП) Томашевська М.
942 ## - Додаткові елементи входу (Коха)
Тип елемента Koha Книги
Source of classification or shelving scheme Universal Decimal Classification
955 ## - Код типу видання за змістом
Код типу видання за змістом (НП) Літературно-художні видання
Фонди
Стан вилучень Стан втрат Джерело класифікації або схеми стелажів Стан уражень Не для кредиту Постійне місце розташування Поточне розміщення Дата придбання Джерело придбання Вартість, звичайна ціна покупки Інвентарний номер Усього замовленно Повний номер виклику Штрих-код Дата останнього перегляду Ціна ефективна від Тип елемента Koha Примітка, призначена для загального доступу
    Universal Decimal Classification     Наукова бібліотека ІДУД Наукова бібліотека ІДУД 09/01/2020 Акт надходження № 1/2020 (від Г. Грушецької) 1.00 2139694   82-1 Т56 2139694 09/01/2020 09/01/2020 Книги Дарувальник Грушецька Г.